000 00550nam a2200205 a 4500
001 20050
003 CO-ViMGA
008 141112s2004 ck r 000 u spa d
020 _a9584205404
040 _aCO-ViMGA
_bspa
_cCO-ViMGA
082 0 4 _aCo863.6 S377t
100 1 _aSerrano, Enrique
_924292
245 1 0 _aTamerlán
260 _aBogotá :
_bEd. Planeta,
_c2003
300 _a280 p.
490 _aSeix Barral / Biblioteca Breve
590 _aForma de adquisición : Premio Mincultura
650 1 4 _aNOVELA COLOMBIANA
_91193
942 _2ddc
_cBK
999 _c29165
_d29165